Les 200 villes les plus peuplées - Statistiques

Statistiques générales
  • Ce quiz a été pris 331 fois
  • Le résultat moyen est 109 sur 201
Statistiques - réponses
Pays Population Agglomération
% Correct
Japon 42.79M Tokyo
100%
Inde 26.45M Delhi
97%
Mexique 21.63M Mexico
97%
États-Unis 22.58M New York
97%
France 13.06M Paris
97%
Brésil 12.69M Rio de Janeiro
96%
Égypte 24.43M Le Caire
95%
États-Unis 18.71M Los Angeles
95%
Russie 20.21M Moscou
95%
Chine 21.54M Pékin
95%
Corée du Sud 25.52M Séoul
95%
Allemagne 4.72M Berlin
94%
Royaume-Uni 14.61M Londres
94%
Chine 26.31M Shanghai
93%
Indonésie 35.14M Jakarta
92%
Brésil 36.31M São Paulo
92%
Argentine 15.09M Buenos Aires
91%
Turquie 15.06M Istanbul
90%
Japon 19.77M Osaka
90%
Espagne 6.47M Madrid
89%
Thaïlande 18.92M Bangkok
88%
Philippines 28.64M Manille
87%
Inde 24.33M Mumbai
87%
Italie 3.57M Rome
87%
Australie 5.31M Sydney
87%
Algérie 7.79M Alger
86%
Espagne 5.40M Barcelone
86%
Brésil 4.00M Brasília
86%
Bangladesh 18.61M Dacca
85%
Turquie 5.50M Ankara
84%
Italie 8.24M Milan
84%
États-Unis 9.81M Washington
84%
Afrique du Sud 14.71M Johannesburg
83%
Nigeria 22.82M Lagos
83%
Pérou 12.10M Lima
83%
Russie 6.29M Saint-Pétersbourg
83%
Colombie 10.98M Bogotá
82%
Belgique 2.71M Bruxelles
82%
Afrique du Sud 4.22M Le Cap
82%
Iran 15.98M Téhéran
82%
Canada 6.55M Toronto
82%
Canada 4.22M Montréal
81%
Singapour 8.08M Singapour
81%
États-Unis 9.82M Chicago
80%
République Démocratique du Congo 12.64M Kinshasa
80%
Irak 13.03M Bagdad
79%
Émirats Arabes Unis 5.42M Dubaï
79%
États-Unis 9.66M San Francisco
79%
Chili 7.48M Santiago
79%
Tunisie 2.69M Tunis
79%
Hongrie 2.61M Budapest
78%
États-Unis 6.88M Miami
78%
Italie 4.22M Naples
78%
Taïwan 9.16M Taipei
78%
Grèce 3.35M Athènes
77%
Ukraine 3.46M Kiev
77%
Vietnam 7.58M Hanoï
76%
Royaume-Uni 3.05M Manchester
76%
Sénégal 3.71M Dakar
75%
Pakistan 7.90M Islamabad
75%
Arabie Saoudite 6.92M Riyad
75%
Pays-Bas 7.87M Rotterdam
75%
Maroc 4.47M Casablanca
74%
Malaisie 8.17M Kuala Lumpur
74%
Kenya 7.62M Nairobi
74%
Équateur 2.72M Quito
74%
États-Unis 8.28M Boston
73%
Allemagne 3.27M Francfort-sur-le-Main
73%
Allemagne 2.86M Hambourg
73%
Venezuela 3.75M Caracas
72%
Yémen 2.80M Sanaa
72%
États-Unis 8.05M Dallas
71%
Afghanistan 4.32M Kaboul
71%
Égypte 5.20M Alexandrie
70%
Chine 23.42M Canton
70%
Koweït 4.75M Koweït City
70%
Israël 2.70M Tel-Aviv
70%
Chine 7.37M Hong Kong
69%
Australie 4.79M Melbourne
69%
Canada 2.87M Vancouver
69%
Mali 3.52M Bamako
68%
Guatemala 5.48M Guatemala City
68%
Vietnam 13.64M Hô-Chi-Minh-Ville
68%
États-Unis 7.25M Houston
68%
Corée du Nord 2.94M Pyongyang
68%
Syrie 3.82M Damas
67%
Cameroun 3.46M Yaoundé
67%
Soudan 8.52M Khartoum
66%
Inde 16.68M Kolkata
65%
Côte-d'Ivoire 5.16M Abidjan
64%
Allemagne 4.77M Cologne
64%
États-Unis 7.20M Philadelphie
64%
États-Unis 4.42M Seattle
64%
Ghana 4.92M Accra
63%
Jordanie 6.10M Amman
63%
Azerbaïdjan 2.56M Bakou
63%
Népal 3.14M Katmandou
63%
Angola 8.16M Luanda
63%
Éthiopie 3.80M Addis-Abeba
62%
Pakistan 16.62M Karachi
62%
Haïti 3.26M Port-au-Prince
62%
États-Unis 6.85M Atlanta
60%
Chine 10.89M Wuhan
60%
États-Unis 5.69M Détroit
59%
Royaume-Uni 3.14M Birmingham
58%
Sri Lanka 6.08M Colombo
58%
Burkina Faso 2.61M Ouagadougou
58%
Colombie 4.02M Medellín
57%
Nigeria 3.51M Abuja
56%
États-Unis 3.79M Denver
56%
République Dominicaine 3.98M Saint-Domingue
56%
États-Unis 3.35M San Diego
56%
Tanzanie 5.57M Dar-es-Salam
54%
Allemagne 10.64M La Ruhr
53%
Inde 13.18M Bangalore
49%
Australie 3.17M Brisbane
49%
Ouganda 3.50M Kampala
47%
États-Unis 4.70M Phoenix
47%
Ouzbékistan 3.22M Tachkent
47%
Japon 11.32M Nagoya
46%
Mexique 5.04M Guadalajara
45%
Pakistan 12.38M Lahore
45%
Brésil 3.85M Recife
45%
Zambie 2.68M Lusaka
44%
Colombie 2.86M Cali
43%
Chine 12.90M Shenzhen
43%
Corée du Sud 8.05M Busan
42%
Mexique 5.10M Monterrey
42%
Myanmar 8.57M Rangoon
42%
Brésil 5.91M Belo Horizonte
41%
Chine 12.90M Xi'an
41%
Afrique du Sud 3.42M Durban
39%
Turquie 3.02M Izmir
39%
États-Unis 3.46M Orlando
39%
Inde 12.90M Chennai
36%
Arabie Saoudite 4.84M Djeddah
36%
États-Unis 3.17M Minneapolis
36%
Cameroun 3.39M Douala
35%
Brésil 4.12M Porto Alegre
35%
Chine 14.67M Chengdu
31%
Inde 3.95M Jaipur
31%
Brésil 3.59M Salvador
31%
Indonésie 8.76M Bandung
30%
Chine 15.38M Chongqing
30%
Indonésie 13.31M Surabaya
30%
États-Unis 3.08M Cleveland
29%
Inde 14.73M Hyderabad
29%
Nigeria 4.76M Kano
29%
Chine 8.43M Nankin
29%
Chine 15.62M Tianjin
29%
Inde 8.06M Ahmedabad
27%
Brésil 3.68M Fortaleza
27%
Équateur 3.15M Guayaquil
27%
Chine 5.23M Xiamen
27%
États-Unis 4.37M Tampa
26%
Bangladesh 4.78M Chittagong
25%
Inde 6.22M Pune
25%
Chine 4.89M Harbin
23%
Brésil 3.45M Curitiba
21%
Nigeria 5.88M Ibadan
21%
Japon 2.74M Fukuoka
20%
Chine 10.01M Hangzhou
20%
Chine 5.20M Qingdao
20%
Indonésie 3.97M Medan
19%
Mexique 3.17M Puebla
19%
Chine 4.84M Hefei
18%
Chine 4.25M Kunming
18%
Chine 8.29M Shenyang
18%
Inde 6.63M Surate
18%
Corée du Sud 2.74M Daegu
17%
Chine 5.28M Changsha
16%
États-Unis 2.77M Cincinnati
16%
Chine 4.55M Dalian
16%
Pakistan 7.87M Faisalabad
16%
Chine 4.02M Fuzhou
16%
Chine 4.47M Jinan
16%
Inde 3.73M Lucknow
16%
Chine 14.25M Shantou
16%
Chine 5.81M Zhengzhou
16%
Philippines 2.72M Cebu
14%
Ghana 3.04M Kumasi
13%
Inde 3.28M Nagpur
13%
Chine 3.48M Nanning
13%
Chine 10.72M Suzhou
13%
Chine 8.25M Dongguan
12%
Chine 5.08M Wenzhou
12%
Chine 3.70M Changchun
11%
Inde 3.21M Indore
11%
Inde 3.21M Ispahan
11%
Chine 2.90M Lanzhou
11%
Indonésie 7.24M Semarang
10%
Chine 4.62M Shijiazhuang
10%
Inde 3.48M Kanpur
9%
Chine 3.87M Nanchang
9%
Chine 3.52M Zibo
9%
Taïwan 2.77M Kaohsiung
7%
Indonésie 5.98M Surakarta
6%
Chine 4.11M Taiyuan
6%
Chine 2.84M Xuzhou
6%
Chine 3.30M Guiyang
5%
Chine 2.86M Tangshan
3%
Aucun quiz correspondant
Distribution des résultats
% des personnes avec chaque résultat
Percentile par nombre de réponses
Votre historique - résultats
Vous n’avez pas pris ce quiz